Statistics for Ariana Grande Songs

Click here to take the quiz!

General Stats

  • This quiz has been taken 36 times
  • The average score is 11 of 15

Answer Stats

Lyric Line Song % Correct
Wish I could say, "Thank you" to Malcolm 'Cause he was an angelThank u Next
94%
You like my hair? Gee, thanks, just bought it I see it, I like it, I want it, I got it7 Rings
88%
This is the part when I say I don’t want ya I'm stronger than I've been beforeBreak Free
88%
So baby, come light me up and baby I'll let you on it A little bit dangerous, but baby, that's how I want itInto You
88%
And I, I feel it after midnight A feelin' that you can't fight My one, it lingers when we're doneGod is A Woman
84%
Right now, I'm in a state of mind I wanna be in like all the timeNo Tears left To Cry
84%
I was a liar I gave into the fire I know I should've fought it At least I'm being honest Feel like a failure 'Cause I know that I failed youOne Last Time
84%
Head in the clouds Got no weight on my shoulders I should be wiser And realize that I've gotProblem
78%
Don't need no hold up Taking control of this kind of moment I'm locked and loaded Completely focused my mind is openDangerous Woman
78%
You're singin' my songs in the streets, yeah, yeah Actin' all innocent, please When I know you're out here thinkin' 'bout itBreak Up With Your Girlfriend, I'm Bored
69%
Feel my blood runnin', swear the sky's fallin' How do I know if this shit's fabricated?Breathin
69%
Tell me something, I need to know Then take my breath and never let it goLove Me Harder
69%
I'd rather be alone tonight You can say "I love you" through the phone tonight Really don't wanna be in your arms tonight I'll just use my covers to stay warm tonightNASA
59%
Feeling Christmas all around And I'm trying to play it cool But it's hard to focus when I see you walking around the roomSanta Tell Me
59%
What did she say? What did he say? You don't listen 'cause you know everything You don't even need dreams Tellin' everybody, "Stay woke, don't sleep"The Light Is Coming
47%

Score Distribution

Percentile by Number Answered

Percent of People with Each Score

Your Score History

You have not taken this quiz